<?xml version="1.0" encoding="UTF-8"?>
<collection xmlns="http://www.loc.gov/MARC21/slim">
  <record>
    <leader>00000nam  2200000   4500</leader>
    <controlfield tag="001">INLIS000000000017196</controlfield>
    <controlfield tag="005">20240620032505</controlfield>
    <datafield tag="035" ind1="#" ind2="#">
      <subfield code="a">0010-0624000099</subfield>
    </datafield>
    <controlfield tag="007">ta</controlfield>
    <controlfield tag="008">240620################|##########|#|##</controlfield>
    <datafield tag="084" ind1="#" ind2="#">
      <subfield code="a">R 052 PIM I 2023</subfield>
    </datafield>
    <datafield tag="100" ind1=" " ind2="#">
      <subfield code="a">Hery Antasari</subfield>
    </datafield>
    <datafield tag="245" ind1="1" ind2="#">
      <subfield code="a">Akselerasi Pengembangan CorporateUniversity (Corpu) Pemerintah Daerah (Role Model Jabar Corpu Talent) /</subfield>
      <subfield code="c">Hery Antasari</subfield>
    </datafield>
    <datafield tag="260" ind1="#" ind2="#">
      <subfield code="a">Jakarta :</subfield>
      <subfield code="b">Pusbangkom Pimnas dan Manajerial ASN,</subfield>
      <subfield code="c">2023</subfield>
    </datafield>
    <datafield tag="300" ind1="#" ind2="#">
      <subfield code="a">76 halaman ;</subfield>
      <subfield code="c">30 cm</subfield>
    </datafield>
    <datafield tag="650" ind1="#" ind2="4">
      <subfield code="a">Corporate University</subfield>
    </datafield>
    <datafield tag="520" ind1="#" ind2="#">
      <subfield code="a">Sistem pembelajaran terintegrasi atau yang dikenal dengan Corporate University dipandang sebagai salah satu solusi untuk mengatasi isu pelatihan yang belum terselesaikan dengan model pembelajaran biasa yang tidak terdampak pada kinerja organisasi. Terjadinya disrupsi COVID-19 berdampak pada belum tercapainya beberapa target utama Jabar CorpU. Fokus Jabar CorpU talent yang pertama yaitu pembentukan akademi pembelajaran tematik yang diupayakan menjadi solusi penyelesaian isu strategis perangkat daerah. Akademi pembelajaran dibentuk mengingat urusan pemerintahan yang menjadi kewenangan pemerintah provinsi sangat banyak yaitu sekitar 32 urusan sehingga keberadaan akademi bertujuan agar fokus pemelajaran lebih terarag dengan tenggat waktu 2 bulan Learning academy yang bisa dibentuk yaitu Jabar Sehat dengan piloting Analisis Kebutuhan Pengembangan Kompetensi (AKPK) di Dinas Kesehatan.</subfield>
    </datafield>
    <datafield tag="856" ind1="#" ind2="#">
      <subfield code="a">Perpustakaan LAN Pusat</subfield>
    </datafield>
    <datafield tag="990" ind1="#" ind2="#">
      <subfield code="a">24.06.052</subfield>
    </datafield>
  </record>
</collection>
